00924nam0a22002171 4500001001500000005001700015035002600032100004100058101001300099102000700112105001800119200023300137210009000370215002900460300005500489700007500544801001800619801002200637801002700659852002000686v19\rc\180178820250619122737.0 a(NLR Aleph) 004902745 a20071130d1907 |||y0rusy50 ca0 arusager aRU ay j |||||1 aУчебник немецкого языкаeРуководство для сред. с.-х. уч-щ и самостоят. изуч.fСост. Готфрид Воллерт, преп. Мариин. земледел. уч-ща aСаратовcПаровая типо-лит. Г.Х. Шельгорн и К°d1907 a[4], IV, 212, 35 с.d24 aАвт. и загл. на рус. и нем. яз. 1aВоллертbГ.Р.gГотфрид Рейнгардович4220 0aRUbNLRgpsbo 0aRUbRuMoRGB2psbo 1aRUbProSoft-M2rusmarc aNLRj38.50.6.45